| 000 | 01069nac a22003257a 4500 | ||
|---|---|---|---|
| 001 | BR8402547 | ||
| 003 | BR-BrBNA | ||
| 005 | 20240105120022.0 | ||
| 008 | 230509b bl.|||m| |||| 00| 0 por d | ||
| 040 |
_aBR-BrBNA _bpor _cBiblioteca Nacional de Agricultura |
||
| 072 | _aM10 | ||
| 090 | _a8140 BR8402547 | ||
| 100 | 1 | _aJesus, D. dos S. de | |
| 100 | 1 | _aSouza, R.A.L. de | |
| 100 | 1 | _aMatos, E. | |
| 100 | 1 | _aRodrigues, L.F. de S. | |
| 100 | 1 | _aCosta, C.A.C. | |
| 110 | 1 | _aFaculdade de Ciencias Agrarias do Para, Belem (Brasil) | |
| 245 | 1 | _aObservacoes sobre o habito da desova e ontogenia inicial da larva do tamoata (Hoplosternum littorale, Hancock, 1828)Eig e Eig., 1888 (Pisces Callichthyidae), em cativeiro | |
| 260 | 3 |
_aBelem, PA (Brasil): _c1984. |
|
| 300 | _a12 p. | ||
| 490 |
_aFCAP. Informe Tecnico (Brazil) _vno. 11 _x |
||
| 500 | _a9 illus.; Summaries (En, Pt); 5 ref. | ||
| 650 | _aTAMUATA | ||
| 650 | _aLARVA | ||
| 650 | _aDESOVA | ||
| 650 | _aALEVINO | ||
| 909 |
_a202312 _bLúcia Elande _c55 _dLúcia Elande |
||
| 942 |
_2AGRIS _n0 _cMS |
||
| 999 |
_c277539 _d277539 |
||